| 000 | 00771nam a2200253 i 4500 | ||
|---|---|---|---|
| 001 | 000047999 | ||
| 003 | DO-SdBNP | ||
| 005 | 20260224115651.0 | ||
| 007 | ta | ||
| 008 | 150212s2002 dr 000 0 spa d | ||
| 040 |
_aDO-SdBNP _bspa _cBNPHU _erda |
||
| 082 |
_axx _bC758 _222 |
||
| 245 | 1 | 0 | _aConstitución de la República Dominicana (proclamada el 25 de julio del año 2002) / |
| 264 |
_aMoca, Republica Dominicana : _bDalis, _c2002 |
||
| 300 |
_a40 paginas ; _c22 cm. |
||
| 336 |
_2rdaconten. _atexto _btxt |
||
| 337 |
_2rdamedia _asin mediación _bn |
||
| 338 |
_2rdacarrier _avolumen _bnc |
||
| 590 | _aInventariado, 2023 / DG | ||
| 650 | 4 |
_aRepública Dominicana _983275 _xConstitución |
|
| 650 | 0 |
_aRegistro civil _922161 |
|
| 910 | _aDG | ||
| 942 |
_2ddc _cLF2 |
||
| 999 |
_c53293 _d53293 |
||